000 00420nam a2200145Ia 4500
008 100204s9999 xx 000 0 und d
082 _b2677
100 _aआठल्ये दिनेश
245 _aस्वप्ना
260 _b"शलाका प्रकाशन , मुंबई"
_c1980
300 _a164
630 _aस्वप्ना
730 _aस्वप्ना
942 _cBOOK
999 _c447710
_d447707